[Event "Tres Cantos op 9th"]
[Site "Tres Cantos"]
[Date "2017.06.26"]
[Round "5"]
[White "Yaniz Lana, Francisco Javier"]
[Black "Martinez Dominguez, David"]
[Result "1-0"]
[WhiteElo "1612"]
[BlackElo "1153"]
[PlyCount "73"]
[EventDate "2017.06.22"]
[EventType "swiss"]
[EventRounds "9"]
[EventCountry "ESP"]
[SourceTitle "EXT 2019"]
[Source "ChessBase"]
[SourceDate "2018.10.10"]
[SourceVersion "1"]
[SourceVersionDate "2018.10.10"]
[SourceQuality "1"]

1. e4 e6 2. d4 d5 3. Nc3 Nf6 4. e5 Ne4 5. Bd3 Bb4 6. Nge2 c5 7. 0-0 Nxc3 8. bxc3 Ba5 9. dxc5 Bc7 10. f4 b6 11. Ba3 Na6 12. Bb5+ Bd7 13. Bxa6 0-0 14. c6 Bxc6 15. Bxf8 Qxf8 16. Nd4 b5 17. Nxc6 Bb6+ 18. Kh1 Rc8 19. Bxc8 Qc5 20. Bd7 Qxc3 21. Rf3 Qc5 22. Rb1 a6 23. c4 Qxc4 24. a4 g6 25. axb5 axb5 26. Rxb5 Bc5 27. Rb8+ Kg7 28. Rc8 Qe4 29. Rc7 Kf8 30. Rc8+ Kg7 31. Re8 Be3 32. Ne7 f6 33. Bxe6 fxe5 34. Rg8+ Kf6 35. Rxe3 Qxe3 36. Nxd5+ Kxe6 37. Nxe3 1-0

[Event "Tres Cantos op 9th"]
[Site "Tres Cantos"]
[Date "2017.06.25"]
[Round "4"]
[White "Martinez Dominguez, David"]
[Black "Lizon Martinez, Santiago"]
[Result "0-1"]
[WhiteElo "1153"]
[BlackElo "1775"]
[PlyCount "52"]
[EventDate "2017.06.22"]
[EventType "swiss"]
[EventRounds "9"]
[EventCountry "ESP"]
[SourceTitle "EXT 2019"]
[Source "ChessBase"]
[SourceDate "2018.10.10"]
[SourceVersion "1"]
[SourceVersionDate "2018.10.10"]
[SourceQuality "1"]

1. b3 e5 2. Bb2 Nc6 3. e3 d6 4. Bb5 Bd7 5. d4 h6 6. Bxc6 Bxc6 7. dxe5 Bxg2 8. Nf3 Bxh1 9. Kf1 dxe5 10. Nbd2 Bxf3 11. Nxf3 Qxd1+ 12. Rxd1 f6 13. Ng1 Bd6 14. Ne2 0-0-0 15. Nc3 Ne7 16. Nd5 Nxd5 17. Rxd5 c6 18. Rd3 e4 19. Rc3 Be5 20. Rc5 Bxb2 21. Rc4 Rhe8 22. Ke2 Kc7 23. f3 b5 24. Rc5 exf3+ 25. Kxf3 Rxe3+ 26. Kxe3 Bd4+ 0-1